000 01030cam a2200229 4500
001 WB@3612-181
008 041117n2004 000 0 eng u
035 _a(Sirsi) u128009
245 _aProperty performance
260 _c2004
490 _aEstates Gazette
_v(0446) 13 November 2004, 48(1)
520 _aAccording to the latest "CBRE UK monthly index: October 2004", capital growth is still strong with annual all office returns at 6.8%. Property was the best-performing asset class in the UK with a total return of 18.9% in the 12 months to end of October 2004. Retail, and in particular retail warehouses, continues to be the only sector to show any significant rental growth. For further details on the report go to the website: http://www.cbre.com/default.htm.
590 _aWB
590 _aWB
650 _aCBRE MONTHLY INDEX
650 _aCAPITAL VALUES
650 _aCAPITAL GROWTH
650 _aPROPERTY PERFORMANCE
650 _aRETAIL PROPERTY
690 _aCOMMERCIAL PROPERTY-MARKET
942 _n0
999 _c118317
_d118317